000 004590000a22001690004500
003 MACL
005 20151216130159.0
008 151216b xxu||||| |||| 00| 0 eng d
040 _aMACL
_cMACL
041 _aEnglish
082 _a030/SAF
100 _aEncyclopaedia Britannica Inc
_920309
245 _aThe New Encyclopaedia Britannica
_bVol 27
260 _bEncyclopaedia Britannica Inc
_c2002
650 _aEncyclopaedia
_920310
942 _cBK
_k030/SAF
_2ddc
999 _c40076
_d40076